000 00834nac a22002291u 4500
010 _a 74167270
020 _a0192649167
020 _a0192649108 (pbk.)
082 0 0 _a616.0756028
_bK521
090 _c3621
_d3621
100 _aKing, Maurice H.
245 1 2 _aA medical laboratory for developing countries
_c[by] Maurice King.
260 _aLondon,
_bOxford University Press,1973
_c1973.
300 _a1 v. (various pagings)
_billus. (part col.)
_c26 cm.
490 0 _aOxford medical publications
500 _aDonations
500 _aDonations-Bibliotheca Alexandrina
504 _a bibliography:p.13.33
650 0 _aMedical laboratories.
942 _cBB
_k616.0756028K521
999 _c3621
_d3621